000
00266nam a2200109Ia 4500
008
220204s9999 xx 000 0 und d
082
_a
392.5
_b
GRE
100
_a
Green, Ernest J
245
0
_a
Marriage and family
260
_a
New York
_b
McGraw Hill
_c
1977
942
_c
BK
999
_c
29155
_d
29155